| 000 | 00419nam a2200157Ia 4500 | ||
|---|---|---|---|
| 008 | 230312s9999||||xx |||||||||||||| ||und|| | ||
| 020 | _a0-471-43021-8 | ||
| 082 |
_a004.6 _bASH-W |
||
| 100 | _aLydia Ash | ||
| 245 | 0 | _aWeb Testing Companion | |
| 260 |
_bWiley _aUSA _c2003 |
||
| 300 | _a554 | ||
| 546 | _aEng. | ||
| 650 |
_aComputer _vGetting started with testing, Strating on web testing,Security testing |
||
| 942 | _cBK | ||
| 999 |
_c3493 _d3493 |
||